Excel 5.0 Worksheets (Record no. 180267)
[ view plain ]
| 000 -LEADER | |
|---|---|
| fixed length control field | 00788 a2200157 4500 |
| 003 - CONTROL NUMBER IDENTIFIER | |
| control field | Nust |
| 005 - DATE AND TIME OF LATEST TRANSACTION | |
| control field | 20170207153145.0 |
| 040 ## - CATALOGING SOURCE | |
| Transcribing agency | Nust |
| 082 ## - DEWEY DECIMAL CLASSIFICATION NUMBER | |
| Classification number | 005.43 |
| 245 ## - TITLE STATEMENT | |
| Title | Excel 5.0 Worksheets |
| Remainder of title | Windows (Student Manual) |
| Statement of responsibility, etc. | Logical Operations |
| 260 ## - PUBLICATION, DISTRIBUTION, ETC. | |
| Date of publication, distribution, etc. | 1994 |
| 300 ## - PHYSICAL DESCRIPTION | |
| Extent | different pages |
| 505 ## - FORMATTED CONTENTS NOTE | |
| Formatted contents note | Introduction (Page-Iv), Getting Started (Page-1), Introduction To Worksheets (Page-2-2), Creating A Basic Worksheet (Page-3-2), Modifying Worksheets (Page-8-2), Additional Excel Features (Page-9-2), Formation Techniques (Page-10-2), Printing A Worksheet (Page-11-2), Previewing Charting (Page-12-2).Working With Ranges (Page-4-2), Movement Techniques (Page-5-2), Using Functions (Page-6-2), Moving And Copying Data (Page-7-2), |
| 538 ## - SYSTEM DETAILS NOTE | |
| System details note | Almirah No.7 Shelf No.4 |
| 650 ## - SUBJECT ADDED ENTRY--TOPICAL TERM | |
| Topical term or geographic name entry element | Windows |
| 942 ## - ADDED ENTRY ELEMENTS (KOHA) | |
| Source of classification or shelving scheme | |
| Koha item type | Book |
| Withdrawn status | Lost status | Source of classification or shelving scheme | Damaged status | Not for loan | Collection code | Permanent Location | Current Location | Date acquired | Total Checkouts | Full call number | Barcode | Date last seen | Price effective from | Koha item type |
|---|---|---|---|---|---|---|---|---|---|---|---|---|---|---|
| Military College of Signals (MCS) | Military College of Signals (MCS) | 12/12/2016 | 005.43 KUL | MCS5219 | 12/08/2016 | 12/12/2016 | Book | |||||||
| Military College of Signals (MCS) | Military College of Signals (MCS) | 12/12/2016 | 005.43 KUL | MCS5220 | 12/08/2016 | 12/12/2016 | Book |
